<?xml version="1.0" encoding="UTF-8"?>
<record
    xmlns:xsi="http://www.w3.org/2001/XMLSchema-instance"
    xsi:schemaLocation="http://www.loc.gov/MARC21/slim http://www.loc.gov/standards/marcxml/schema/MARC21slim.xsd"
    xmlns="http://www.loc.gov/MARC21/slim">

  <leader>00648nam a2200217Ia 4500</leader>
  <datafield tag="999" ind1=" " ind2=" ">
    <subfield code="c">41258</subfield>
    <subfield code="d">41258</subfield>
  </datafield>
  <controlfield tag="001">7911</controlfield>
  <controlfield tag="003">GE_BSU</controlfield>
  <controlfield tag="005">20220930120007.0</controlfield>
  <controlfield tag="008">181216sru  2009xx |||||||||||||| ||rus||</controlfield>
  <datafield tag="020" ind1=" " ind2=" ">
    <subfield code="a">9785060061611</subfield>
  </datafield>
  <datafield tag="040" ind1=" " ind2=" ">
    <subfield code="c">GE_BSU</subfield>
  </datafield>
  <datafield tag="041" ind1=" " ind2=" ">
    <subfield code="a">rus</subfield>
  </datafield>
  <datafield tag="080" ind1=" " ind2=" ">
    <subfield code="a">541(075.8)  &#x421;-86</subfield>
  </datafield>
  <datafield tag="100" ind1=" " ind2=" ">
    <subfield code="a">&#x421;&#x442;&#x440;&#x43E;&#x43C;&#x431;&#x435;&#x440;&#x433;,&#x410;.&#x413;.</subfield>
    <subfield code="9">14916</subfield>
  </datafield>
  <datafield tag="245" ind1=" " ind2=" ">
    <subfield code="a">&#x424;&#x438;&#x437;&#x438;&#x447;&#x435;&#x441;&#x43A;&#x430;&#x44F; &#x445;&#x438;&#x43C;&#x438;&#x44F; /</subfield>
    <subfield code="c">&#x410;.&#x413;. &#x421;&#x442;&#x440;&#x43E;&#x43C;&#x431;&#x435;&#x440;&#x433;.</subfield>
  </datafield>
  <datafield tag="264" ind1=" " ind2=" ">
    <subfield code="a">&#x41C;&#x43E;&#x441;&#x43A;&#x432;&#x430; :</subfield>
    <subfield code="b">&#x412;&#x44B;&#x441;&#x448;&#x430;&#x44F; &#x448;&#x43A;&#x43E;&#x43B;&#x430;,</subfield>
    <subfield code="c">2009.</subfield>
  </datafield>
  <datafield tag="300" ind1=" " ind2=" ">
    <subfield code="a">527 &#x441;&#x442;&#x440;.:</subfield>
    <subfield code="b">&#x438;&#x43B;&#x43B;;</subfield>
    <subfield code="c">24 &#x441;&#x43C;.</subfield>
  </datafield>
  <datafield tag="653" ind1=" " ind2=" ">
    <subfield code="a">&#x424;&#x438;&#x437;&#x438;&#x447;&#x435;&#x441;&#x43A;&#x430;&#x44F; &#x445;&#x438;&#x43C;&#x438;&#x44F;</subfield>
  </datafield>
  <datafield tag="653" ind1=" " ind2=" ">
    <subfield code="a">&#x1CA4;&#x10D8;&#x10D6;&#x10D8;&#x10D9;&#x10E3;&#x10E0;&#x10D8; &#x10E5;&#x10D8;&#x10DB;&#x10D8;&#x10D0;</subfield>
  </datafield>
  <datafield tag="942" ind1=" " ind2=" ">
    <subfield code="c">BK</subfield>
    <subfield code="2">udc</subfield>
  </datafield>
  <datafield tag="952" ind1=" " ind2=" ">
    <subfield code="0">0</subfield>
    <subfield code="1">0</subfield>
    <subfield code="2">udc</subfield>
    <subfield code="4">0</subfield>
    <subfield code="6">5410758_&#x421;86</subfield>
    <subfield code="7">0</subfield>
    <subfield code="9">47611</subfield>
    <subfield code="a">CPL</subfield>
    <subfield code="b">CPL</subfield>
    <subfield code="c">GEN</subfield>
    <subfield code="d">2018-12-17</subfield>
    <subfield code="g">68.00</subfield>
    <subfield code="o">541(075.8)  &#x421;-86</subfield>
    <subfield code="p">24376</subfield>
    <subfield code="r">2018-12-17</subfield>
    <subfield code="t">24376</subfield>
    <subfield code="w">2018-12-17</subfield>
    <subfield code="y">BK</subfield>
    <subfield code="z">68 gel.</subfield>
  </datafield>
  <datafield tag="952" ind1=" " ind2=" ">
    <subfield code="0">0</subfield>
    <subfield code="1">0</subfield>
    <subfield code="2">udc</subfield>
    <subfield code="4">0</subfield>
    <subfield code="6">5410758_&#x421;86</subfield>
    <subfield code="7">0</subfield>
    <subfield code="9">47612</subfield>
    <subfield code="a">CPL</subfield>
    <subfield code="b">CPL</subfield>
    <subfield code="c">GEN</subfield>
    <subfield code="d">2018-12-17</subfield>
    <subfield code="g">68.00</subfield>
    <subfield code="o">541(075.8)  &#x421;-86</subfield>
    <subfield code="p">24377</subfield>
    <subfield code="r">2018-12-17</subfield>
    <subfield code="t">24377</subfield>
    <subfield code="w">2018-12-17</subfield>
    <subfield code="y">BK</subfield>
    <subfield code="z">68 gel.</subfield>
  </datafield>
</record>
